The psychotherapy relationship :theory, research, and practice. / (Record no. 1841)
[ view plain ]
| 000 -LEADER | |
|---|---|
| fixed length control field | 01846cam a2200265 a 4500 |
| 001 - CONTROL NUMBER | |
| control field | 4978722 |
| 005 - DATE AND TIME OF LATEST TRANSACTION | |
| control field | 20210414114101.0 |
| 008 - FIXED-LENGTH DATA ELEMENTS--GENERAL INFORMATION | |
| fixed length control field | 980129s1998 nyu b 001 0 eng c |
| 020 ## - INTERNATIONAL STANDARD BOOK NUMBER | |
| International Standard Book Number | 0471127205 |
| 040 ## - CATALOGING SOURCE | |
| Original cataloging agency | DNLM/DLC |
| Transcribing agency | DLC |
| Modifying agency | DLC |
| 050 00 - LIBRARY OF CONGRESS CALL NUMBER | |
| Classification number | RC480.8.G45 |
| 100 1# - MAIN ENTRY--PERSONAL NAME | |
| Personal name | Gelso, Charles J., |
| 245 14 - TITLE STATEMENT | |
| Title | The psychotherapy relationship :theory, research, and practice. / |
| Statement of responsibility, etc. | Charles J. Gelso and Jeffrey A. Hayes. |
| 260 ## - PUBLICATION, DISTRIBUTION, ETC. | |
| Place of publication, distribution, etc. | New York : |
| Name of publisher, distributor, etc. | Wiley, |
| Date of publication, distribution, etc. | c1998. |
| 300 ## - PHYSICAL DESCRIPTION | |
| Extent | xi, 291 p. ; |
| Dimensions | 24 cm. |
| 504 ## - BIBLIOGRAPHY, ETC. NOTE | |
| Bibliography, etc. note | Includes bibliographical references (p. 263-282) and index. |
| 505 ## - FORMATTED CONTENTS NOTE | |
| Formatted contents note | Contents: The Psychotherapy relationship and its components: an introduction -- Working alliance: the foundation of the psychotherapy relationship -- Transference and its many faces: the unrealistic relationship in psychotherapy -- Countertranference: the therapist's contribution to the ''unrealistic'' relationship -- The Real relationship: beyond tranference and alliance -- The Psychotherapy relationship in operation -- Psychoanalytic visions of the psychotherapy relationship: beyond transference -- Cognitive and behavioral views of the therapeutic relationship: beyond techniques -- The Humanistic and existential vision of the therapeutic relationship: the real relationship and more -- Feminist therapy: beyond the third force. |
| 650 #0 - SUBJECT ADDED ENTRY--TOPICAL TERM | |
| Topical term or geographic name entry element | Psychotherapist and patient. |
| 700 1# - ADDED ENTRY--PERSONAL NAME | |
| Personal name | Hayes, Jeffrey A. |
| 856 42 - ELECTRONIC LOCATION AND ACCESS | |
| Materials specified | Contributor biographical information |
| Uniform Resource Identifier | <a href="http://www.loc.gov/catdir/bios/wiley041/98010212.html">http://www.loc.gov/catdir/bios/wiley041/98010212.html</a> |
| 856 42 - ELECTRONIC LOCATION AND ACCESS | |
| Materials specified | Publisher description |
| Uniform Resource Identifier | <a href="http://www.loc.gov/catdir/description/wiley031/98010212.html">http://www.loc.gov/catdir/description/wiley031/98010212.html</a> |
| 856 4# - ELECTRONIC LOCATION AND ACCESS | |
| Materials specified | Table of Contents |
| Uniform Resource Identifier | <a href="http://www.loc.gov/catdir/toc/onix01/98010212.html">http://www.loc.gov/catdir/toc/onix01/98010212.html</a> |
| 942 ## - ADDED ENTRY ELEMENTS (KOHA) | |
| Source of classification or shelving scheme | Library of Congress Classification |
| Koha item type | Books |
| Withdrawn status | Lost status | Source of classification or shelving scheme | Damaged status | Not for loan | Home library | Current library | Shelving location | Date acquired | Total Checkouts | Full call number | Barcode | Date last seen | Copy number | Price effective from | Koha item type |
|---|---|---|---|---|---|---|---|---|---|---|---|---|---|---|---|
| Library of Congress Classification | WISCONSIN INTERNATIONAL UNIVERSITY COLLEGE, GHANA - MAIN LIBRARY | WISCONSIN INTERNATIONAL UNIVERSITY COLLEGE, GHANA - MAIN LIBRARY | General Stacks | 26/07/2012 | RC480.8.G45 | 5244/12 | 26/07/2012 | 1 | 26/07/2012 | Books | |||||
| Library of Congress Classification | WISCONSIN INTERNATIONAL UNIVERSITY COLLEGE, GHANA - MAIN LIBRARY | WISCONSIN INTERNATIONAL UNIVERSITY COLLEGE, GHANA - MAIN LIBRARY | General Stacks | 26/07/2012 | RC480.8.G451 | 5245/12 | 26/07/2012 | 2 | 26/07/2012 | Books | |||||
| Library of Congress Classification | WISCONSIN INTERNATIONAL UNIVERSITY COLLEGE, GHANA - MAIN LIBRARY | WISCONSIN INTERNATIONAL UNIVERSITY COLLEGE, GHANA - MAIN LIBRARY | General Stacks | 26/07/2012 | RC480.8.G452 | 5246/12 | 26/07/2012 | 3 | 26/07/2012 | Books | |||||
| Library of Congress Classification | WISCONSIN INTERNATIONAL UNIVERSITY COLLEGE, GHANA - MAIN LIBRARY | WISCONSIN INTERNATIONAL UNIVERSITY COLLEGE, GHANA - MAIN LIBRARY | General Stacks | 26/07/2012 | RC480.8.G453 | 5247/12 | 26/07/2012 | 4 | 26/07/2012 | Books |
